| 000 | 00452cam a2200181ua 4500 | ||
|---|---|---|---|
| 020 | _c9.00 | ||
| 041 |
_aeng _h |
||
| 082 |
_a025.42 _bRAN/EL |
||
| 100 | _aRangarathan, S R . | ||
| 245 |
_aElements of library cl assification / _cS R Rangarathan. _hTextual Documents |
||
| 250 |
_a1 / _b. |
||
| 260 |
_aBombay : _bAsia Publishing House , _c1962. |
||
| 300 | _a168 ; . | ||
| 365 | _a9.00 | ||
| 504 | _a | ||
| 942 | _cBK | ||
| 999 |
_c3270 _d3270 |
||